Yellows - Sudden Death - Statistics

General Stats
  • This quiz has been taken 107 times
  • The average score is 2 of 8
Answers on the Grid
Answers color-coded by a green-red scale on the quiz's grid according to % correct below.
Almond
Banana Mania
Canary
Cornsilk
Dandelion
Golden Nugget
Goldenrod
Laser Lemon
Pineapple Punch
Lemon Zest
Mango Madness
Sunshine
Lemonade
Mac and Cheese
Chicken Nugget
 
Answer Stats
Answer % Correct
Canary
53%
Dandelion
40%
Golden Nugget
21%
Goldenrod
19%
Laser Lemon
19%
Almond
12%
Banana Mania
11%
Cornsilk
9%
No matching quizzes found
Score Distribution
Percent of People with Each Score
Percentile by Number Answered
Your Score History
You have not taken this quiz